| 000 | 00619nam a22001817a 4500 | ||
|---|---|---|---|
| 005 | 20251108171023.0 | ||
| 008 | 250721s1983 xx 000 0 ara d | ||
| 082 | 1 | 4 | _aم/211.2/أشم |
| 100 | 1 | _aالأشموني، أحمد بن محمد بن عبد الكريم | |
| 245 | 1 | 0 | _aمنار الهدى في بيان الوقف و الإبتداء / |
| 246 | 1 | 1 | _aمعه التبيان في آداب حملة القرآن للنووي |
| 264 | 1 |
_aدمشق : _bدار المصحف، _c1983. |
|
| 300 | _a320ص | ||
| 650 | 1 | 7 | _aالقرآن الكريم |
| 650 | 1 | 7 | _aتجويد |
| 942 |
_2ddc _cREF |
||
| 999 |
_c54573 _d54573 |
||